00395 2200145 4500001002100000008004100021035002000062245004200082100002100124260003700145300002000182082001400202650002000216990001300236INLIS000000000000043 ind  a0010-0322000043 aELA GONDONGAN : SERI ANAK SEHATcIKHA aANIES LISTYOWATI aJAKARTAbERLANGGA FOR KIDSc2014 a24 hlm.c22 cm. a899.221 3 aFIKSI INDONESIA a102335-1